| Tag |
First Indicator |
Second Indicator |
Subfields |
| LEADER |
00000cam a2200000Ia 4500 |
| 001 |
in00001540468 |
| 005 |
20151022052225.0 |
| 008 |
981116s1997 sp 000 1 spa d |
| 020 |
|
|
|a 840142352X
|
| 029 |
1 |
|
|a PL#
|b 990002563
|
| 035 |
|
|
|a (OCoLC)40328721
|
| 040 |
|
|
|a LPU
|c LPU
|d PL#
|d TXA
|d UtOrBLW
|
| 049 |
|
|
|a TXAM
|
| 090 |
|
|
|a PQ6662.O77
|b P57 1997
|
| 100 |
1 |
|
|a Loriga, Ray,
|d 1967-
|
| 245 |
1 |
3 |
|a La pistola de mi hermano :
|b (Caídos del cielo) /
|c Ray Loriga.
|
| 250 |
|
|
|a 1. ed. con este título.
|
| 264 |
|
1 |
|a Barcelona :
|b Plaza & Janés,
|c 1997.
|
| 300 |
|
|
|a 175 pages ;
|c 18 cm.
|
| 336 |
|
|
|a text
|b txt
|2 rdacontent
|
| 337 |
|
|
|a unmediated
|b n
|2 rdamedia
|
| 338 |
|
|
|a volume
|b nc
|2 rdacarrier
|
| 490 |
0 |
|
|a Ave fénix ;
|v 226/2
|
| 500 |
|
|
|a Another edition pub. under title: Caídos del cielo.
|
| 948 |
|
|
|a cataloged
|b h
|c 2000/4/27
|d c
|e jgreene
|f 4:28:50 pm
|
| 994 |
|
|
|a E0
|b TXA
|
| 999 |
|
|
|a MARS
|
| 999 |
f |
f |
|s c4c6587f-b7fc-3c07-8cd5-b9e13bfce400
|i e443c474-11e1-37c1-bb7a-bf34bec2184e
|t 0
|
| 952 |
f |
f |
|p normal
|a Texas A&M University
|b College Station
|c Sterling C. Evans Library
|d Evans: Library Stacks
|t 0
|e PQ6662.O77 P57 1997
|h Library of Congress classification
|i unmediated -- volume
|m A14826084231
|
| 998 |
f |
f |
|a PQ6662.O77 P57 1997
|t 0
|l Evans: Library Stacks
|